| 000 | 01311nam a22003617a 4500 | ||
|---|---|---|---|
| 003 | CHAP | ||
| 005 | 20220329143307.0 | ||
| 008 | 080229d2004 ar d r 00110 spa d | ||
| 010 | _a94531 | ||
| 011 | _a95503 | ||
| 020 | _a950504576X | ||
| 035 | _a106129 | ||
| 040 | _cCHAP | ||
| 082 | 0 | 4 |
_a633.2 _bP5Y |
| 100 | 0 | 0 |
_aPinheiro Machado, Luis Carlos. _988198 |
| 245 | 1 | 0 |
_aPastoreo racional voisin : _btecnología agroecológica para el tercer milenio _c/por Luis Carlos Pinheiro Machado |
| 260 |
_aBuenos Aires : _bHemisferio Sur, _c2004 |
||
| 300 |
_axxvii, 253 p. : _bfotos ; gráfs ; cuadros |
||
| 500 | _aTrad. de : Pastoreio racional voisin : tecnologia agroecologica para o 3 milenio | ||
| 590 |
_aBATCH-UPD _b10 _c20130109 _lUCH01 _h2310 |
||
| 590 |
_aBATCH-UPD _b10 _c20130110 _lUCH01 _h1456 |
||
| 590 |
_aBATCH-UPD _b10 _c20130410 _lUCH01 _h0920 |
||
| 590 |
_aBATCH-UPD _b10 _c20130914 _lUCH01 _h1249 |
||
| 590 |
_aCONVERSION _b10 _c20130109 _lUCH01 _h1352 |
||
| 650 | 1 | 4 |
_aAgricultura _xInnovaciones tecnológicas. _91565 |
| 650 | 1 | 4 |
_aEcología agrícola. _935165 |
| 650 | 1 | 4 |
_aPastos. _985986 |
| 650 | 1 | 4 |
_aPastos _xManejo. _986058 |
| 650 | 1 | 4 |
_aPastos _xRendimiento. _986076 |
| 901 | _aBK | ||
| 942 | _cLIBRO | ||
| 949 |
_a633.2 P5Y _bBC _cLIBRO _d33724002048199 _eLIBRO _gI.c/e _h109111 _i106129 _si _t$480.00 |
||
| 999 |
_c94531 _d94531 |
||